Normal view
MARC view
- الحمادي ، مال الله جعفر عبد الملك
Entry Personal Name
001 - CONTROL NUMBER
- control field: 52965
003 - CONTROL NUMBER IDENTIFIER
- control field: JO-AjAnu
005 - DATE AND TIME OF LATEST TRANSACTION
- control field: 20230606082713.0
008 - FIXED-LENGTH DATA ELEMENTS
- fixed length control field: 230606|| aca||aabn | a|a d
040 ## - CATALOGING SOURCE
- Original cataloging agency: JO-AjAnu
- Transcribing agency: JO-AjAnu
100 ## - HEADING--PERSONAL NAME
- Personal name: الحمادي ، مال الله جعفر عبد الملك
670 ## - SOURCE DATA FOUND
- Source citation: Work cat.: (JO-AjAnu)27061: الحمادي ، مال الله جعفر عبد الملك, author, ضمانات العقد الإداري : الإجراءات السابقة على إبرام العقد الإداري " المناقصة العامه " ( دراسة تأصيلية تحليلية مقارنة بين كل من القانون البحريني والقانون المصرى وقانون اليونسترال )